000 03474cam a22004454a 4500
001 110669
003 BJBSDDR
005 20240517110402.0
006 a|||||r|||| 00| 0
007 ta
008 101201s2010 bl a b 000 0 por c
010 _a2010355017
020 _a9788577531080
020 _a8577531082
035 _a(OCoLC)ocn663975848
040 _aMNU
_cMNU
_dBLBSF
_dDLC
_beng
041 _apor
042 _apcc
_alcode
043 _as-bl---
050 1 4 _a103 F 2538.3
_bD383 2010
082 0 0 _a320.981
245 0 0 _aDemocracia, crise e reforma :
_bestudos sobre a era Fernando Henrique Cardoso /
_corganizadores, Maria Angela D'Incao e Herminio Martins.
246 3 0 _aEstudos sobre a era Fernando Henrique Cardoso
260 _aSáo Paulo, SP :
_bPaz e Terra,
_c2010.
300 _a523 pages :
_billustrations ;
_c24 cm.
504 _aIncludes bibliographical references.
505 0 _aO sociólogo e o político : entrevista com Fernando Henrique Cardoso / Bernardo Sorj e Sérgio Fausto -- FHC : o intelectual como político / Celso Lafer -- A dependãencia da política : Fernando Henrique Cardoso e a sociologia no Brasil / Afrãanio-Raul Garcia Jr. -- Como um intelectual se fez presidente / Bolívar Lamounier -- O Real como revoluçao brasileira : um ensaio sobre as intimidades da hierarquia com o dragäao de inflaçáo / Roberto Da Matta -- A ilusáo da estabilidade : a economia brasileira no governo FHC / Edmund Amann e Werner Baer -- Os primeiros passos da reforma gerencial do Estado de 1995 / Luiz Carlos Bresser-Pereira -- O fortalecimento do terceiro setor no governo FHC / Simone de Castro Tavares Coelho -- Uma crãonica da assistãencia social no governo FHC / Carlos Alberto Batista Maciel e Edval Bernardino Campos -- Da sociologia do racismo áas polâiticas antirracistas : nexos difâiceis / Sérgio Costa -- A educaçáo nos anos de FHC / Cláudio de Moura Castro -- FHC e a Amazãonia : o último sertáo / Lâucio Flávio Pinto -- O indigenismo brasileiro e os anos FHC / Ricardo Verdum -- Os movimentos sociais no Brasil a partir dos anos 1990 / Maria da Glória Gohn -- A segurança pública no governo FHC / Arthur Trindade -- O Ministâerio da Defesa e a saga do Partido Fardado / Oliveiros S. Ferreira -- O governo Fernando Henrique Cardoso e os Direitos Humanos / Paulo Sérgio Pinheiro -- Lembrem-se de tudo que escrevi : o impacto de Fernando Henrique Cardoso sobre as ciãencias sociais / Ted Goertzel -- Fernando Henrique Cardoso : a Astutia Fortunata do presidente-sociólogo do Brasil / Laurence Whitehead -- Compreendendo o Brasil a partir de FHC : uma perspectiva do Japáo e implicaçaés para as economias asiáticas em crescimento / Kotaro Horisaka e Akiko Koyasu -- Cardoso e o mundo / Andrew Hurrell -- A emergãencia do possibilismo no Brasil do tucano Cardoso ao Lula light / Javier Santiso.
600 1 0 _aCardoso, Fernando Henrique.
650 4 _aDemocracia
_zBrasil
_9409
650 0 _aDemocracy
_zBrazil.
651 4 _aBrasil
_xPolítica y gobierno
_y1985-2002
_93351
651 4 _aBrasil
_xCondiciones económicas
_y1985
_93348
651 4 _aBrasil
_xCondiciones sociales
_y1985
_93349
651 0 _aBrazil
_xPolitics and government
_y1985-2002.
651 0 _aBrazil
_xEconomic conditions
_y1985-
651 0 _aBrazil
_xSocial conditions
_y1985-
700 1 _aD'Incao, Maria Angela
_935984
_eorganizer
700 1 _aMartins, Herminio,
_d1934-2015
_935985
_eorganizer
942 _2lcc
_cBK
999 _c8195
_d8195